Санитарно-микробиологический контроль в пищевой и фармацевтической промышленности (Запись № 1413255)

Подробности
000 -МАРКЕР
контрольное поле 02066nam0a2200361 4500
001 - ИДЕНТИФИКАТОР ЗАПИСИ
контрольное поле RU\NLR\bibl\851054
005 - ИДЕНТИФИКАТОР ВЕРСИИ
контрольное поле 20250614152005.0
035 ## - ДРУГИЕ СИСТЕМНЫЕ НОМЕРА
Идентификатор записи (NLR Aleph) 000839805
100 ## - ДАННЫЕ ОБЩЕЙ ОБРАБОТКИ
Данные общей обработки 20051010d2004 |||y0rusy50 ca
101 0# - ЯЗЫК РЕСУРСА
Язык текста, звукозаписи и т.д. русский
102 ## - СТРАНА ПУБЛИКАЦИИ ИЛИ ПРОИЗВОДСТВА
Страна публикации Российская Федерация
105 ## - ПОЛЕ КОДИРОВАННЫХ ДАННЫХ: ТЕКСТОВЫЕ МАТЕРИАЛЫ, МОНОГРАФИЧЕСКИЕ
Кодированные данные о монографическом текстовом документе a |||||||||
200 1# - ЗАГЛАВИЕ И СВЕДЕНИЯ ОБ ОТВЕТСТВЕННОСТИ
Основное заглавие Санитарно-микробиологический контроль в пищевой и фармацевтической промышленности
Первые сведения об ответственности В.А. Галынкин, Н.А. Заикина, К.А. Каграманова [и др.]
Последующие сведения об ответственности Науч.-исслед. и проектно-конструкт. ин-т по развитию и эксплуатации флота "Гипрорыбфлот", Санкт-Петерб. гос. хим.-фармац. акад.
210 ## - ПУБЛИКАЦИЯ, РАСПРОСТРАНЕНИЕ И ДР.
Место издания, распространения и т.д. Санкт-Петербург
Имя издателя, распространителя и т. д. [б.и.]
Дата издания, распространения и т.д. 2004
215 ## - ФИЗИЧЕСКАЯ ХАРАКТЕРИСТИКА
Специфическое обозначение материала и объем 248 с.
Другие сведения о физической характеристике ил.
Размеры 24
320 ## - ПРИМЕЧАНИЯ О НАЛИЧИИ В ДОКУМЕНТЕ БИБЛИОГРАФИИ / УКАЗАТЕЛЯ
Текст примечания Библиогр.: с. 242-248
606 1# - НАИМЕНОВАНИЕ ТЕМЫ КАК ПРЕДМЕТ
Наименование темы Пищевая промышленность
Тематический подзаголовок Санитарно-микробиологический контроль
Системный номер авторитетной/нормативной записи 2395107
Идентификатор авторитетной/нормативной записи RU\NLR\auth\661428073
606 1# - НАИМЕНОВАНИЕ ТЕМЫ КАК ПРЕДМЕТ
Наименование темы Пищевые продукты
Тематический подзаголовок Санитарно-гигиенические исследования
Системный номер авторитетной/нормативной записи 1893598
Идентификатор авторитетной/нормативной записи RU\NLR\auth\66861397
606 1# - НАИМЕНОВАНИЕ ТЕМЫ КАК ПРЕДМЕТ
Наименование темы Пищевые продукты
Тематический подзаголовок Санитарно-микробиологический контроль
Системный номер авторитетной/нормативной записи 2395105
Идентификатор авторитетной/нормативной записи RU\NLR\auth\661428072
606 1# - НАИМЕНОВАНИЕ ТЕМЫ КАК ПРЕДМЕТ
Наименование темы Химико-фармацевтическая промышленность
Тематический подзаголовок Санитарно-микробиологический контроль
Системный номер авторитетной/нормативной записи 2395109
Идентификатор авторитетной/нормативной записи RU\NLR\auth\661428074
686 ## - ИНДЕКСЫ ДРУГИХ КЛАССИФИКАЦИЙ
Индекс Р123.16
686 ## - ИНДЕКСЫ ДРУГИХ КЛАССИФИКАЦИЙ
Индекс Р123.9-1
686 ## - ИНДЕКСЫ ДРУГИХ КЛАССИФИКАЦИЙ
Индекс Р124.511.8-1
701 #1 - ИМЯ ЛИЦА - АЛЬТЕРНАТИВНАЯ ОТВЕТСТВЕННОСТЬ
Начальный элемент ввода Галынкин
Часть имени, кроме начального элемента ввода В. А.
Расширение инициалов личного имени Валерий Абрамович
Код отношения Автор
701 #1 - ИМЯ ЛИЦА - АЛЬТЕРНАТИВНАЯ ОТВЕТСТВЕННОСТЬ
Начальный элемент ввода Заикина
Часть имени, кроме начального элемента ввода Н. А.
Расширение инициалов личного имени Надежда Александровна
Код отношения Автор
701 #1 - ИМЯ ЛИЦА - АЛЬТЕРНАТИВНАЯ ОТВЕТСТВЕННОСТЬ
Начальный элемент ввода Каграманова
Часть имени, кроме начального элемента ввода К. А.
Код отношения Автор
801 #0 - ИСТОЧНИК ЗАПИСИ
Страна Российская Федерация
Организация NLR
Дата составления 20051010
Правила каталогизации rcr
801 #1 - ИСТОЧНИК ЗАПИСИ
Страна Российская Федерация
Организация NLR
Дата составления 20051010
830 ## - ОБЩЕЕ ПРИМЕЧАНИЕ, СОСТАВЛЕННОЕ КАТАЛОГИЗАТОРОМ
Текст примечания 1,2 авт. по ЭК
942 ## - ДОПОЛНИТЕЛЬНЫЕ ЭЛЕМЕНТЫ ЗАПИСИ (АБИС)
Тип экземпляра АБИС Книга
980 ## - КОЛЛЕКЦИЯ
Название коллекции Национальная библиография
Экземпляры
Тип экземпляра Дата поступления Источник поступления Стоимость Библиотека постоянного хранения Библиотека текущего хранения Место хранения Шифр хранения Штрих-код Статус экземпляра
Книга 10.10.2005 Покупка 250.00 РНБ (Московский) РНБ (Московский) Русский книжный фонд: издания с 1957 года 2005-7/4951 2011833  
Книга 02.11.2005 Покупка СТ 250.00 РНБ (Московский) РНБ (Московский) Русский книжный фонд: издания с 1957 года 2005-7/4951 2036381  
Книга 10.10.2005 Покупка 250.00 РНБ (Садовая) РНБ (Садовая) Фонд научного зала литературы по биологии и медицине М2 Р123/С-183 1-175345